• 首页
  • 本馆介绍
  • 公告通知
  • 最新文献
  • 馆藏检索
  • 电子资源
  • 读者导购
  • 参考咨询
  • 我的图书馆
  • 登录
  • 详细信息显示
  • 放入我的书架
  • 预约/预借图书
  • 作者相关作品
  • 分类相关作品
  • 丛书相关作品
  • 出版社相关作品

书目信息

  • 表格格式
  • 工作单格式
  • 卡片格式
题名:
真实的毛泽东
    
 
作者: 李敏 高风 叶利亚 主编
分册:  
出版信息: 北京   中央文献出版社  2009.04
页数: 403-816页
开本: 25cm
丛书名:
单 册:
中图分类: A752:2
科图分类:
主题词: 毛泽东--生平事迹 , 毛泽东--传记
电子资源:
ISBN: 7-5073-1547-9
000 00798nam0 2200217 450
001 2557832092
005 20251216160838.54
010    @a7-5073-1547-9@dCNY590.00
100    @a20251216d2009 km y0chiy0120 ea
101 0  @achi
102    @aCN@b110000
200 1  @a真实的毛泽东@AZhen Shi De Mao Ze Dong@e毛泽东身边工作人员和亲属的回忆@f李敏 高风 叶利亚主编@FLi Min Gao Feng Ye Li Ya Zhu Bian
210    @a北京@c中央文献出版社@d2009.04
215    @a403-816页@d25cm
517 1  @a毛泽东身边工作人员和亲属的回忆@AMao Ze Dong Shen Bian Gong Zuo Ren Yuan He Qin Shu De Hui Yi
606 0  @a毛泽东@x生平事迹
606 0  @a毛泽东@x传记
690    @aA752:2@v4
701  0 @a李敏 高风 叶利亚@ALi Min Gao Feng Ye Li Ya@4主编
801  0 @aCN@b大连网信软件有限公司图书馆·11@c20251216
905    @aZUCC@dA752:2@e306
    
    真实的毛泽东:毛泽东身边工作人员和亲属的回忆/李敏 高风 叶利亚主编.-北京:中央文献出版社,2009.04
    403-816页;25cm
    
    
    ISBN 7-5073-1547-9:CNY590.00
    
●
相关链接 在E读中查询图书 在五车中查询图书 在当当中查询图书 在豆瓣中查询图书


正题名:真实的毛泽东     索取号:A752:2/306         预约/预借

序号 登录号 条形码 馆藏地/架位号 状态 备注
1 1441986   214419869   第一样本阅览室/ [索取号:A752:2/306] 在馆    
唐山师范学院图书馆 欢迎您!
大连网信软件有限公司© 版权所有